Исследование песчаников мыса Атласова Приморского края с целью использования их в стекольной промышленности: Отчет о НИР; Тема: х/д № 43/63[г]

Detalles Bibliográficos
Autor Corporativo: Томский политехнический институт (595)
Otros Autores: Бабенко С. А. (руководитель), Рудко Ф. Г. (исполнитель)
Lenguaje:ruso
Publicado: Томск, 1965
Materias:
Formato: Libro
KOHA link:https://koha.lib.tpu.ru/cgi-bin/koha/opac-detail.pl?biblionumber=187320

MARC

LEADER 00000nbm0a2200000 4500
001 187320
005 20231031173944.0
035 |a (RuTPU)RU\TPU\book\203259 
035 |a RU\TPU\book\119463 
090 |a 187320 
100 |a 20101115d1965 k y0rusy50 ca 
101 0 |a rus 
102 |a RU 
105 |a af p 001zy 
200 1 |a Исследование песчаников мыса Атласова Приморского края с целью использования их в стекольной промышленности  |e Отчет о НИР  |e Тема: х/д № 43/63[г]  |f Томский политехнический институт ; руководитель С. А. Бабенко ; Ф. Г. Рудко 
210 |a Томск  |d 1965 
215 |a 36 л.  |c ил. 
320 |a Библиогр.: с. 30-31. 
610 1 |a отчеты о НИР 
610 1 |a Россия 
610 1 |a Приморский край 
610 1 |a мыс Атласова 
610 1 |a геолого-экономическая характеристика 
610 1 |a сырье 
610 1 |a вещественный состав 
610 1 |a песчаники 
610 1 |a стекольная промышленность 
610 1 |a применение 
675 |a 553.62  |v 3 
675 |a 666  |v 3 
702 1 |a Бабенко  |b С. А.  |4 673 
702 1 |a Рудко  |b Ф. Г.  |4 677 
712 0 2 |a Томский политехнический институт  |z 1944-1991  |2 stltpush  |3 (RuTPU)RU\TPU\col\1123  |4 595 
801 1 |a RU  |b 63413507  |c 20070227  |g PSBO 
801 2 |a RU  |b 63413507  |c 20170424  |g PSBO 
942 |c BK